000 00840nam a2200217 i 4500
001 88113
003 ES-MaACL
005 20250809083426.0
007 t|
008 050103s1928 fr ||||1| fre d
100 1 _aLafourcade, Georges.
_969524
245 1 3 _aLa jeunesse de Swinburne
_b: (1837-1867) /
_cGeorges Lafourcade.
260 _aParís :
_bLes Belles Lettres,
_c1928 (
_fPresses Modernes)
300 _a2 v. :
_bil. ;
_c26 cm.
490 1 _aPublications de la Faculté des lettres de l'Université de Strasbourg ;
_vFascicule 44-45
505 8 _aContiene: T. 1. La Vie -- T. 2. L'Oeuvre
600 0 4 _aSwinburne, Algernon Charles.
_9108946
830 0 0 _aPublications de la Faculté des lettres de l'Université de Strasbourg
_vFascicule 44-45
_9184104
852 _aES-MaACL
_jA-2186-87
999 _c88113
_d88113